000 00414nam a2200181Ia 4500
001 14077
005 20260306164848.0
008 260306t2007||||xx |||||||||||||| ||spa||
041 _aESP
082 _a006.32
_bA59
100 _aAnderson , James A.
_eAUT
245 0 _aRedes neuronales
260 _c2007
300 _a616 páginas :
_c23 cm.
650 _aGEN
654 _aCCC
942 _cLIB
_dJUS
_fJUS
_2ddc
_n
999 _c14077
_d14077